• 首页
  • 本馆介绍
  • 公告通知
  • 最新文献
  • 馆藏检索
  • 电子资源
  • 读者导购
  • 参考咨询
  • 我的图书馆
  • 登录
  • 详细信息显示
  • 放入我的书架
  • 预约/预借图书
  • 作者相关作品
  • 分类相关作品
  • 丛书相关作品
  • 出版社相关作品

书目信息

  • 表格格式
  • 工作单格式
  • 卡片格式
题名:
企业所得税操作实务
    
 
作者: ;国家税务总局所得税管理司 编著
分册:  
出版信息: 北京   中国商业出版社  1995
页数: 325页
开本: 20cm
丛书名:
单 册:
中图分类: F812.42
科图分类: 29.7251
主题词: 企业-所得税--基本知识--中国 , 所得税-企业--基本知识--中国
电子资源:
ISBN: 7-5044-3034-X
000 00772nnam 2200229 45
001 0196018769
005 20070724092550.00
010    @a7-5044-3034-X@dCNY11.60
100    @a19950714d1995 em y0chiy0121 ea
101 0  @achi
102    @aCN@b110000
105    @ay z 000yy
200 10 @a企业所得税操作实务@AQI YE SUO DE SHUI CAO ZUO SHI WU@f国家税务总局所得税管理司编著@FGUO JIA SHUI WU ZONG JU SUO DE SHUI GUAN LI SI BIAN ZHU
210    @a北京@c中国商业出版社@d1995
215    @a325页@d20cm
606    @a企业-所得税@x基本知识@y中国
606    @a所得税-企业@x基本知识@y中国
690    @aF812.42
692    @a29.7251
711 02 @a国家税务总局所得税管理司@AGUO JIA SHUI WU ZONG JU SUO DE SHUI GUAN LI SI@4编著
801  0 @aCN@bTSSF@c20070724
905    @a10447@dF812.42@e50
    
    企业所得税操作实务/国家税务总局所得税管理司编著.-北京:中国商业出版社,1995
    325页;20cm
    
    
    ISBN 7-5044-3034-X:CNY11.60
    
●
相关链接 在E读中查询图书 在五车中查询图书 在当当中查询图书 在豆瓣中查询图书


正题名:企业所得税操作实务     索取号:F812.42/50         预约/预借

序号 登录号 条形码 馆藏地/架位号 状态 备注
1 0767278   207672785   第一样本阅览室/ [索取号:F812.42/50] 在馆    
唐山师范学院图书馆 欢迎您!
大连网信软件有限公司© 版权所有